00270nam a2200109 a 450000500170000000800410001705000180005810000180007624500190009426000350011344000120014820140414131914.0100902s19uu xx 00 eng d aFICbAr1 2003 aArcher, Chris aThe last clue. aNew York :bScholastic,c2003. aPyrates